Adolescentes incluídos, adolescentes excluídos
Saved in:
| Hovedforfatter: | |
|---|---|
| Format: | Bog |
| Sprog: | spansk |
| Udgivet: |
Córdoba
Brujas
2008
|
| Udgivelse: | 1a. ed |
| Serier: | Adolescencia, Educación y Salud, 3
|
| Fag: | |
| Tags: |
Tilføj Tag
Ingen Tags, Vær først til at tagge denne postø!
|
MARC
| LEADER | 00000cam a2200000 a 4500 | ||
|---|---|---|---|
| 001 | UCG7699 | ||
| 003 | CL-VaPUC | ||
| 008 | 110905e20080000AG |||||||||||||||||spa|d | ||
| 020 | |a 9789875911413 | ||
| 082 | 0 | 4 | |a 155.5 |b BAR |2 21 |
| 100 | 0 | |a Barrón de Carbonetti, Margarita |e author |9 558215 | |
| 245 | 1 | 0 | |a Adolescentes incluídos, adolescentes excluídos |
| 250 | |a 1a. ed | ||
| 300 | |a 276 p | ||
| 942 | |c BK | ||
| 945 | |d 20110905 00:00:00 |a dcastane | ||
| 260 | |a Córdoba |b Brujas |c 2008 | ||
| 650 | 0 | |a Adolescencia |9 307361 | |
| 650 | 0 | |a Aspectos psicológicos |9 258128 | |
| 650 | 0 | |a Psicología del adolescente |9 307864 | |
| 583 | |a last modification |c 20190729 02:06:56 |k Rodrigo Vera | ||
| 490 | 0 | |a Adolescencia, Educación y Salud, 3 | |
| 999 | |c 345482 |d 345480 | ||
| 952 | |0 0 |1 0 |4 0 |6 155_500000000000000_BAR_2008 |7 0 |8 A |9 444253 |a BIBEDU |b BIBEDU |d 2019-11-22 |i 4789814 |l 1 |o 155.5 BAR 2008 |p 4789814 |r 2023-04-18 |s 2023-04-11 |w 2019-11-22 |y BK |k EPE | ||